000 00446nam a2200181Ia 4500
008 090124s9999 xx 000 0 und d
082 _b47418
100 _aभडभडे सुमन
245 _a अंकुर
250 _a1
260 _c2008
300 _a144
600 _aभडभडे सुमन
630 _a अंकुर
700 _aभडभडे सुमन
730 _a अंकुर
942 _cBOOK
999 _c113672
_d113672